00562nam a22002057a 450000500170000001000130001702000220003003500130005203700160006504000120008108200130009310000210010624500350012726000470016227000390020930000340024849000240028265000190030665000310032520170124110126.0 aB-129692B c85.00a8123740018 aB-129692 bCen Lib/Ret aDPLbEN a921bMAN aMansingh, Jasmit aOona /cby Jasmit Mansingh aNew DelhibNational Book Trust Indiac2003 aA-5, Green PrakbNew Delhie110016 axxii,171p. :c20cm(pbk)bill. aYoung India library aTravel zIndia aMountain - Oona- Biograpgy